000 00214 a2200109 4500
020 _a9789968129114
041 _aspa
100 _aSantillana
245 _aCiencias Naturales 4to grado
942 _cBK
952 _71
999 _c21461
_d21461